Spolupráce Evropy a severní Afriky v energetice výzvy a příležitosti partnerství

Prehĺbenie spolupráce medzi severnou Afrikou a Európou prostredníctvom nových výziev a príležitostí. Plánovanie projektov na prepravu elektriny z Afriky do Európy. Výroba modrého a zeleného vodíka ako pozitívneho vplyvu na energetickú bezpečnosť krajiny.

Guardado en:
Detalles Bibliográficos
Autor principal: Hutová, Kristýna
Otros Autores: Svozil, Martin
Formato: Capítulo de libro
Lenguaje:checo
Materias:
Etiquetas: Agregar Etiqueta
Sin Etiquetas, Sea el primero en etiquetar este registro!

MARC

LEADER 00000naa a2200000 4500
001 0282812
005 20240417075159.9
041 0 |a cze 
044 |a CZ 
245 1 0 |a Spolupráce Evropy a severní Afriky v energetice  |b výzvy a příležitosti partnerství  |c Kristýna Hutová, Martin Svozil 
520 |a Prehĺbenie spolupráce medzi severnou Afrikou a Európou prostredníctvom nových výziev a príležitostí. Plánovanie projektov na prepravu elektriny z Afriky do Európy. Výroba modrého a zeleného vodíka ako pozitívneho vplyvu na energetickú bezpečnosť krajiny. 
610 2 0 |a energetika 
610 2 0 |a spolupráca medzinárodná 
610 2 0 |a projekty 
610 2 0 |a zdroje energie obnoviteľné 
610 2 0 |a elektrina 
610 2 0 |a bezpečnosť energetická 
610 2 0 |a Európa 
610 2 0 |a severná Afrika 
100 1 |a Hutová, Kristýna 
700 1 |a Svozil, Martin